|
|
|
|
| LEADER |
01825nam a22003377a 4500 |
| 001 |
17066 |
| 003 |
BD-DhAAL |
| 005 |
20240604153043.0 |
| 008 |
240604t2000 ii a|||| b||| 001 0 eng d |
| 020 |
|
|
|a 8122005713
|
| 040 |
|
|
|a BD-DhAAL
|d BD-DhAAL
|
| 082 |
|
|
|a 338.9540709143
|2 21
|
| 245 |
|
|
|a Cooperation on the eastern Himalayan rivers :
|b opportunities and challenges /
|c edited by K.D. Adhikary ... [et al.].
|
| 264 |
|
|
|a Delhi :
|b Konark Publishers,
|c c2000.
|
| 300 |
|
|
|a xii, 240 pages :
|b map ;
|c 23 cm.
|
| 500 |
|
|
|a "Under the auspices of Bangladesh Unnayan Parishad (BUP), Dhaka, Centre for Policy Research (CPR), New Delhi, [and] Institute for Integrated Development Studies (IIDS), Kathmandu."
|
| 504 |
|
|
|a Includes bibliographical references (p. [195]-201) and index.
|
| 541 |
|
|
|a BRAC University
|e 17066
|
| 650 |
|
|
|a Sustainable development
|z Himalaya Mountains Region
|v Congresses.
|9 56491
|
| 650 |
|
|
|a Mountain people
|z Himalaya Mountains Region
|x Economic conditions.
|9 56492
|
| 650 |
|
|
|a Regional planning
|z Himalaya Mountains Region
|x International cooperation.
|9 56485
|
| 650 |
|
|
|a Water resources development
|z Himalaya Mountains Region
|x International cooperation.
|9 56486
|
| 650 |
|
|
|a Sustainable development
|z Himalaya Mountains Region
|x International cooperation.
|9 56487
|
| 651 |
|
|
|a Himalaya Mountains Region
|x Economic conditions.
|9 56488
|
| 700 |
|
|
|a Adhikary, K. D.
|9 56489
|
| 710 |
|
|
|a Bangladesh Unnayan Parishad.
|
| 710 |
|
|
|a Centre for Policy Research (New Delhi, India)
|
| 710 |
|
|
|a Institute for Integrated Development Studies (Kathmandu, Nepal)
|9 56490
|
| 942 |
|
|
|2 ddc
|c BK
|
| 999 |
|
|
|c 46699
|d 46699
|
| 952 |
|
|
|0 0
|1 0
|2 ddc
|4 0
|6 338_954070914300000_COO
|7 0
|9 75605
|a BRACUL
|b BRACUL
|c GEN
|d 2024-06-04
|e BRAC University
|l 0
|o 338.9540709143 COO
|p 3010017066
|r 2024-06-04
|t 1
|w 2024-06-04
|y BK
|x BRAC University
|